000 00183 a2200097 4500
020 _a9781939677204
041 _aspa
100 _aManuel Perez Manzano
245 _aEl Mar
942 _cK
999 _c26446
_d26446